Quizzes
Events
Quiz Creation
Community
Videos
Private Events
Remove Ads
Sign In
Join for FREE
Feedback
Dark Mode
Quiz Categories
Sports
Geography
Music
Movies
Television
Just For Fun
Miscellaneous
History
Literature
Language
Science
Gaming
Entertainment
Religion
Holiday
For Kids
Quiz Lab
Recent
Popular Today
Quiz Kudos Today
Editor Picks
Curator Picks
Quizzes by...
Day
Popularity
Type
Ratings
Length
Year
Community
Subscriptions
Recent Discussions
Orange Saloon
Badges
Playlists
Quests
Create
Leaderboards
Showdown
Live 5
Trivia Bingo
Activity
Puzzle Library
Sporcle Events
Private Events
Virtual Trivia
Globe League
Become a Host
Pub Owners
SporcleCon
Opinionation
Our Games
Videos
Blog
Mobile Apps
Partnerships
Remove Ads and Go Orange
Feedback
Gaming
Video Games
Board Games
Card Games
Pokémon
Mario
Nintendo
Minecraft
Console
Toys
Legend of Zelda
Gaming
Video Games
Board Games
Card Games
Pokémon
Mario
Nintendo
Minecraft
Console
Toys
Legend of Zelda
Random Quiz
Search Sporcle
×
Quiz Lab
Quiz Lab
Gaming
Video Games
Type in answers that appear in a list
Type in answers that appear in a list
Classic
Best Score? Go Orange.
Hearthstone - Karazhan Cards Stats
Can you name all of the One Night in Karazhan cards in Hearthstone?
By
pokefreak123
8m
45 Questions
86 Plays
86 Plays
86 Plays
Comments
Comments
Give Quiz Kudos
Give Quiz Kudos
-
- Ratings
hide this ad
More Info
Replay
Link that replays current quiz
Next Quiz
Link to next quiz in quiz playlist
You Got
0%
They Got
Avg Score
61%
Avg Friend Score
Upgrade to see
Score Distribution
Jump to the score distribution portion of the page
Score
0/45
Timer
08:00
0
Plays Today
Class
Card Name
% Correct
Neutral 3
Medivh, the Guardian
96.5%
Neutral 3
The Curator
91.9%
Mage
Firelands Portal
90.7%
Neutral 1
Moroes
90.7%
Neutral 2
Barnes
88.4%
Druid
Moonglade Portal
87.2%
Neutral 3
Arcane Giant
84.9%
Warrior
Ironforge Portal
83.7%
Neutral 3
Prince Malchezaar
83.7%
Shaman
Maelstrom Portal
82.6%
Paladin
Silvermoon Portal
81.4%
Mage
Babbling Book
75.6%
Druid
Enchanted Raven
74.4%
Hunter
Cat Trick
72.1%
Warlock
Malchezaar's Imp
72.1%
Warlock
Kara Kazham!
68.6%
Paladin
Ivory Knight
67.4%
Hunter
Kindly Grandmother
66.3%
Priest
Purify
65.1%
Priest
Priest of the Feast
65.1%
Priest
Onyx Bishop
65.1%
Warlock
Silverware Golem
65.1%
Druid
Menagerie Warden
62.8%
Class
Card Name
% Correct
Warrior
Protect the King!
62.8%
Neutral 2
Zoobot
62.8%
Rogue
Swashburglar
61.6%
Neutral 2
Menagerie Magician
61.6%
Hunter
Cloaked Huntress
55.8%
Mage
Medivh's Valet
55.8%
Shaman
Spirit Claws
54.7%
Warrior
Fool's Bane
53.5%
Rogue
Deadly Fork
50%
Shaman
Wicked Witchdoctor
48.8%
Neutral 3
Book Wyrm
48.8%
Rogue
Ethereal Peddler
45.3%
Neutral 1
Netherspite Historian
41.9%
Paladin
Nightbane Templar
39.5%
Neutral 1
Arcane Anomaly
39.5%
Neutral 1
Pantry Spider
38.4%
Neutral 1
Pompous Thespian
36%
Neutral 3
Moat Lurker
31.4%
Neutral 2
Arcanosmith
30.2%
Neutral 2
Avian Watcher
30.2%
Neutral 1
Runic Egg
23.3%
Neutral 2
Violet Illusionist
19.8%
Quiz Playlist
Details
Report
Send in Message
Add To Playlist
More Info:
Cards are ordered by mana cost, then alphabetically.
**Cost changed recently.
Classic:
Type in answers that appear in a list
Last Updated: Aug 22, 2019
Quiz Scoreboard
CHALLENGE
Sign Up to Join the Scoreboard
Show All
Scores
Hide
Comments
May contain spoilers
Recently Published
Billboard Blitz: Fleetwood Mac
by CooCooCachoo
Music
15s
Presidents Visiting Landmarks
by Hejman
History
7m
An Introduction to Baseball
by treessimontrees
Sports
5m
More to Explore
Quiz From the Vault
Featured Blog Post
Where Did the Easter Bunny Come From?
hide this ad
You Might Also Like...
Tags
Card Games Quiz
Video Games Quiz
card
Card Sets
class
cost
hearthstone
Mana
night
Rarity
Today's Top Quizzes in Gaming
Browse Gaming
hide this ad
Today's Top Quizzes in Video Games
Browse Video Games
Top Contributed Quizzes in Gaming
1
5-to-1: Consoles
2
7-to-1: Board Game Piece Blitz
3
5-to-1: Legend of Zelda
4
Destiny 2 exotic weapons by perk icons
5
League of Legends Pro Players by Career/Team History
6
Ultimate Genshin Impact Logic Puzzle (up to 4.3)
7
Franchise by Action Figure
8
Genshin Impact Logic Puzzle Quiz
9
Who's on the WWE 2K24 Cover?
10
Overwatch Logic Puzzle
Explore More
Trending Topics
Crossword
Anime
Harry Potter
Disney
Kpop
Marvel
NBA
Puzzle
Song
The Office
Pokémon
Country
WWE
Soccer
NFL
hide this ad
More By:
pokefreak123
Quiz
Plays
Rating
Category
Featured
Created
Gen 1 Pokémon Crossword
3,955
4.76
Gaming
Aug 29, 2019
All Bug Type Pokemon (As of Scarlet/Violet)
3,915
4.92
Gaming
Apr 27, 2015
All Dark Type Pokemon (As of Scarlet/Violet)
3,631
4.88
Gaming
Aug 7, 2016
All Dragon Type Pokemon (As of The Indigo Disk DLC)
3,529
4.90
Gaming
Aug 9, 2016
All Electric Type Pokemon (As of The Indigo Disk DLC)
3,476
4.80
Gaming
Aug 3, 2016
Go to Creator's Profile
Score Distribution
Quiz Creator Spotlight
pokefreak123
Follow
Send a Message
Quizzes Created
-
Created Quiz Play Count
-
More By This Creator
Popular Quizzes Today
1
Find the US States - No Outlines Minefield
2
Find the Countries of Europe - No Outlines Minefield
3
The Countries of the World
4
Find the US States
5
Risky Map Clicking: Biggest States A-Z
6
US States
7
Popular People in 1961
8
Movies - When Are They Set?
More Gaming Quizzes
Find the Mario Characters
Editor's Pick
Trending Quizzes
Risky Map Clicking: Least Populous States A-Z
1-10 Letter G Words
1-10 Letter F Words
Risky Map Clicking: Next State Alphabetically
Risky Map Clicking: Biggest States A-Z
Recently Updated
Leaping Animals
pecheneg
Reality TV Shows (A-Z)
bhenderson79
Rickey Henderson's Hall of Fame Teammates
pecheneg
Champions League XIs: Arsenal
pecheneg
Quick Pick: Celebrities in WWE's Hall of Fame
aduchscher
A-Z Keypad Blitz II
pecheneg
Multiple Oscar Actors
pecheneg
Mystery Phrase Blitz: Oscar 'Best Actors'
pecheneg
F. Scott Fitzgerald Novels
LTH
Pick 3 Villains
ddd62291
Trending Topics
NBA
Marvel
Anime
Crossword
Harry Potter
Disney
Kpop
WWE
Pokémon
Country
The Office
Song
NFL
Soccer
Puzzle
Your Account Isn't Verified!
In order to create a playlist on Sporcle, you need to verify the email address you used during registration. Go to your
Sporcle Settings
to finish the process.
Report this User
Report this user for behavior that violates our
Community Guidelines
.
Details:
Send Report
Go to the Sporcle.com Mobile Site →
Comments